| 000 | 01528 a2200289 4500 | ||
|---|---|---|---|
| 003 | OSt | ||
| 005 | 20260203100656.0 | ||
| 008 | 120419t xxu||||| |||| 00| 0 eng d | ||
| 020 | _a8425215765 (paperback) | ||
| 020 | _a9788425215766 (paperback) | ||
| 040 | _c0 | ||
| 082 | 0 | 4 | _a720.92 |
| 100 | 1 |
_aBotey, Josep M. _932414 |
|
| 245 | 1 | 0 |
_aOscar niemeyer / _cJosep M. Botey. |
| 250 | _aunknown ed. | ||
| 260 |
_aBarcelona _bEditorial Gustavo Gili, _c1996. |
||
| 300 |
_a255 p. ; _bill; _c21 cm. |
||
| 490 | 1 | _aObras Y proyectos / works and projects. | |
| 520 | _aOscar Niemeyer (Rio de Janeiro, 1907) began his career working as an assistant to the architect Lucio Costa, who introduced him to Le Corbusier. With more than 400 illustrations, this is the most complete study yet published on the work of one of the Brazil's most famous architects. Set out in ten chapters, arranged typologically, the book presents a selection of buildings and projects by an architect who has managed to combine the great tradition of his native Brazil with curvilinear forms, obtaining results that have frequently earned him the accolade of maestro. | ||
| 600 |
_aNiemeyer, Oscar, _d1907 _932415 |
||
| 650 |
_aArchitecture, Modern _932028 |
||
| 651 |
_aBrazil _932416 |
||
| 830 | 0 |
_aObras Y proyectos / works and projects. _932417 |
|
| 856 | 4 | 0 |
_3Amazon.com _uhttp://www.amazon.com/exec/obidos/ASIN/8425215765/chopaconline-20 |
| 942 |
_aSADA _cBK _k720.92 BOT 1996 _2ddc |
||
| 999 |
_c352373 _d352373 |
||